<?xml version="1.0" encoding="UTF-8"?>
<record
    xmlns:xsi="http://www.w3.org/2001/XMLSchema-instance"
    xsi:schemaLocation="http://www.loc.gov/MARC21/slim http://www.loc.gov/standards/marcxml/schema/MARC21slim.xsd"
    xmlns="http://www.loc.gov/MARC21/slim">

  <leader>00458nam a22001217a 4500</leader>
  <datafield tag="040" ind1=" " ind2=" ">
    <subfield code="c">HS</subfield>
  </datafield>
  <datafield tag="082" ind1=" " ind2=" ">
    <subfield code="a">298</subfield>
  </datafield>
  <datafield tag="100" ind1=" " ind2=" ">
    <subfield code="a">&#x1787;&#x17D2;&#x179A;&#x17BB;&#x1793; &#x179A;&#x17B7;&#x1791;&#x17D2;&#x1792;&#x17B8;</subfield>
  </datafield>
  <datafield tag="245" ind1=" " ind2=" ">
    <subfield code="a">Post-harvest technology of oilseeds : &#x1794;&#x1785;&#x17D2;&#x1785;&#x17C1;&#x1780;&#x179C;&#x17B7;&#x1787;&#x17D2;&#x1787;&#x17B6;&#x1780;&#x17D2;&#x179A;&#x17C4;&#x1799;&#x1780;&#x17B6;&#x179A;&#x1794;&#x17D2;&#x179A;&#x1798;&#x17BC;&#x179B;&#x1795;&#x179B;&#x1782;&#x17D2;&#x179A;&#x17B6;&#x1794;&#x17CB;&#x1792;&#x1789;&#x17D2;&#x1789;&#x1787;&#x17B6;&#x178F;&#x17B7;&#x1795;&#x17D2;&#x178F;&#x179B;&#x17CB;&#x1794;&#x17D2;&#x179A;&#x17C1;&#x1784;</subfield>
  </datafield>
  <datafield tag="260" ind1=" " ind2=" ">
    <subfield code="a">RUA</subfield>
    <subfield code="b">&#x1787;&#x17D2;&#x179A;&#x17BB;&#x1793; &#x179A;&#x17B7;&#x1791;&#x17D2;&#x1792;&#x17B8;</subfield>
    <subfield code="c">2008</subfield>
  </datafield>
  <datafield tag="300" ind1=" " ind2=" ">
    <subfield code="a">37p;</subfield>
  </datafield>
  <datafield tag="942" ind1=" " ind2=" ">
    <subfield code="c">KB</subfield>
  </datafield>
  <datafield tag="999" ind1=" " ind2=" ">
    <subfield code="c">10124</subfield>
    <subfield code="d">10124</subfield>
  </datafield>
  <datafield tag="952" ind1=" " ind2=" ">
    <subfield code="0">0</subfield>
    <subfield code="1">0</subfield>
    <subfield code="4">0</subfield>
    <subfield code="6">298_000000000000000_&#x1787;&#x179A;&#x17BB;&#x1793;_2008_C017_OR</subfield>
    <subfield code="7">0</subfield>
    <subfield code="9">52523</subfield>
    <subfield code="a">LBC</subfield>
    <subfield code="b">LBC</subfield>
    <subfield code="c">C017</subfield>
    <subfield code="d">2016-09-20</subfield>
    <subfield code="o">298 &#x1787;&#x17D2;&#x179A;&#x17BB;&#x1793; 2008 C017 Or.</subfield>
    <subfield code="p">RUA055627</subfield>
    <subfield code="r">2016-09-26</subfield>
    <subfield code="y">KB</subfield>
  </datafield>
  <datafield tag="952" ind1=" " ind2=" ">
    <subfield code="0">0</subfield>
    <subfield code="1">0</subfield>
    <subfield code="4">0</subfield>
    <subfield code="6">298_000000000000000_&#x1787;&#x179A;&#x17BB;&#x1793;_2008_C017_OR</subfield>
    <subfield code="7">0</subfield>
    <subfield code="9">52524</subfield>
    <subfield code="a">LBC</subfield>
    <subfield code="b">LBC</subfield>
    <subfield code="c">C017</subfield>
    <subfield code="d">2016-09-20</subfield>
    <subfield code="o">298 &#x1787;&#x17D2;&#x179A;&#x17BB;&#x1793; 2008 C017 Or.</subfield>
    <subfield code="p">A02700</subfield>
    <subfield code="r">2016-09-26</subfield>
    <subfield code="y">KB</subfield>
  </datafield>
</record>
